Empresas, territorios y conflicto en Colombia /

Bibliographic Details
Main Authors: Villegas Rodríguez, Luis Carlos (Author), Delgado Gómez, Dora Luz (Author), Patiño Pérez, Melissa (Author)
Format: Electronic eBook
Language:Spanish
Published: Medellín, Colombia : Sello Editorial Universidad de Medellín, 2020.
Subjects:
Online Access:Digitalia Hispánica

MARC

LEADER 00000nam a2200000Ii 4500
001 DIGUMED0047
003 NyNyDIG
008 230810s2020 ck ob 000 0 spa d
006 m o d
007 cr |||||||||||
035 |a (OCoLC)1393996625 
040 |a DGITA  |b eng  |e rda  |e pn  |c DGITA 
043 |a s-ck--- 
020 |a 9789585473676  |q eBook 
020 |z 9789585473669 
050 1 4 |a KHH3032 ebook 
100 1 |a Villegas Rodríguez, Luis Carlos,  |e author. 
245 1 0 |a Empresas, territorios y conflicto en Colombia /  |c Luis Carlos Villegas Rodríguez, Dora Luz Delgado Gómez, Melissa Patiño Pérez. 
264 1 |a Medellín, Colombia :  |b Sello Editorial Universidad de Medellín,  |c 2020. 
300 |a 1 online resource. 
336 |a text  |b txt  |2 rdacontent 
337 |a computer  |b c  |2 rdamedia 
338 |a online resource  |b cr  |2 rdacarrier 
347 |a text file  |2 rdaft 
347 |b PDF 
504 |a Includes bibliographical references. 
588 0 |a Online resource; title from PDF title page (Digitalia, viewed August 10, 2023) 
650 0 |a Armed conflict  |x Social aspects  |z Colombia. 
650 0 |a Armed conflict  |x Economic aspects  |z Colombia. 
650 0 |a Peace  |x Social aspects  |z Colombia. 
650 0 |a Business enterprises  |x Social aspects  |z Colombia. 
700 1 |a Delgado Gómez, Dora Luz,  |e author. 
700 1 |a Patiño Pérez, Melissa,  |e author. 
791 2 |a Digitalia (Firm),  |e distributor. 
793 0 |g Digitalia eBook Collection:  |a Universidad de Medellín 
776 0 8 |i Print version:  |a Villegas Rodríguez, Luis Carlos.  |t Empresas, territorios y conflicto en Colombia.  |b 1a. edición.  |d Medellín, Colombia: Sello Editorial Universidad de Medellín, 2020  |z 9789585473669 
856 4 0 |3 Digitalia Hispánica  |u https://www.digitaliapublishing.com/a/128555/ 
910 |a Premium collection: 2023